Now I can read 15 toybox tales. (Record no. 110369)
[ view plain ]
| 000 -LEADER | |
|---|---|
| fixed length control field | 00325nam a2200133 a 4500 |
| 001 - CONTROL NUMBER | |
| control field | 4140 |
| 005 - DATE AND TIME OF LATEST TRANSACTION | |
| control field | 20140414131854.0 |
| 008 - FIXED-LENGTH DATA ELEMENTS--GENERAL INFORMATION | |
| fixed length control field | 090218s19uu xx 00 eng d |
| 050 ## - LIBRARY OF CONGRESS CALL NUMBER | |
| Classification number | M 398.2 |
| Item number | Sp9 2002 |
| 100 ## - MAIN ENTRY--PERSONAL NAME | |
| Personal name | Spurgeon, Maureen |
| 245 ## - TITLE STATEMENT | |
| Title | Now I can read 15 toybox tales. |
| 440 ## - SERIES STATEMENT/ADDED ENTRY--TITLE | |
| Title | Now I can read |
| Withdrawn status | Lost status | Damaged status | Home library | Current library | Shelving location | Date acquired | Total Checkouts | Full call number | Barcode | Date last seen | Price effective from | Koha item type |
|---|---|---|---|---|---|---|---|---|---|---|---|---|
| Munich Library | Munich Library | Main Section | 02/18/2009 | M 398.2 Sp9 2002 | M0760 | 04/14/2014 | 04/14/2014 | Books |